000 00542nmm a2200169Ia 4500
008 251105s9999||||xx |||||||||||||||||und||
020 _a8497422597
041 _aspa
100 _aTalens Carmona, Jenaro
245 0 _aEl espesor del mundo. On the nature of things :
_b Versión inglesa de Nora Tornapolsky
264 _a[Madrid, España] :
_bBiblioteca Nueva,
_c2003
300 _a64 páginas
490 _aPoesía clásica y moderna
650 _aSpanish poetry
856 _uhttps://public.digitaliapublishing.com/a/5078
942 _cCF
999 _c74117
_d74117